书目信息 |
| 题名: |
吃掉那只青蛙
|
|
| 作者: | 崔西, 著 ;许海燕 译 | |
| 分册: | ||
| 出版信息: | 北京 华艺出版社 2004.11 |
|
| 页数: | 136页 | |
| 开本: | 21cm | |
| 丛书名: | ||
| 单 册: | ||
| 中图分类: | C935 | |
| 科图分类: | ||
| 主题词: | 工作--gong zuo--效率--通俗读物 | |
| 电子资源: | ||
| ISBN: | 7-80142-602-9 | |
| 000 | 00973nam0 2200253 450 | |
| 001 | 010556770151 | |
| 005 | 20051219100106.88 | |
| 010 | @a7-80142-602-9@dCNY18.00 | |
| 100 | @a20050325d2004 km y0chiy0120 ea | |
| 101 | 1 | @achi@ceng |
| 102 | @aCN@b110000 | |
| 105 | @ay z 000yy | |
| 200 | 1 | @a吃掉那只青蛙@Achi diao na zhi qing wa@d= Eat That Frog!@f(美) 博恩·崔西著@F(mei)bo en·cui xi zhu@g许海燕译@Gxu hai yan yi@zeng |
| 210 | @a北京@c华艺出版社@c电子工业出版社@d2004.11 | |
| 215 | @a136页@d21cm | |
| 305 | @a本书翻译出版权由Berrett-Koehle Pu.授权电子工业出版社与北京读书人文化艺术有限公司出版。 | |
| 330 | @a本书详细介绍了21种切实可行、行之有效的方法,帮助读者克服拖沓的习惯,以最短的时间完成最多的工作。 | |
| 510 | 1 | @aEat That Frog!@zeng |
| 606 | 0 | @a工作@Agong zuo@x效率@x通俗读物 |
| 690 | @aC935@v4 | |
| 701 | 1 | @a崔西,@Acui xi,@b博恩@g(Tracy, Brian)@4著 |
| 702 | 0 | @a许海燕@Axu hai yan@4译 |
| 801 | 0 | @aCN@bQSSK@c20051219 |
| 905 | @a10447@dC935@eC976 | |
| 吃掉那只青蛙= Eat That Frog!/(美) 博恩·崔西著/许海燕译.-北京:华艺出版社:电子工业出版社,2004.11 |
| 136页;21cm |
| ISBN 7-80142-602-9:CNY18.00 |
| 本书详细介绍了21种切实可行、行之有效的方法,帮助读者克服拖沓的习惯,以最短的时间完成最多的工作。 |
| ● |
| 相关链接 |
|
|
|
正题名:吃掉那只青蛙
索取号:C935/C976
 
预约/预借
| 序号 | 登录号 | 条形码 | 馆藏地/架位号 | 状态 | 备注 |
| 1 | 577970 | 205779709 | 社科库509/509社科库 66排1列6层/ [索取号:C935/C976] | 在馆 | |
| 2 | 577971 | 205779718 | 社科库509/509社科库 66排1列6层/ [索取号:C935/C976] | 在馆 | |
| 3 | 577972 | 205779727 | 社科库509/509社科库 66排1列6层/ [索取号:C935/C976] | 在馆 |